|
|
|
|
| LEADER |
00000cam a22000004a 4500 |
| 001 |
musev2_83017 |
| 003 |
MdBmJHUP |
| 005 |
20230905052528.0 |
| 006 |
m o d |
| 007 |
cr||||||||nn|n |
| 008 |
190403s2020 nyu o 00 0 eng d |
| 010 |
|
|
|z 2019012053
|
| 020 |
|
|
|a 9781479883479
|
| 020 |
|
|
|z 9781479862351
|
| 035 |
|
|
|a (OCoLC)1132416428
|
| 040 |
|
|
|a MdBmJHUP
|c MdBmJHUP
|
| 100 |
1 |
|
|a Daniels, Gilda R.,
|e author.
|
| 245 |
1 |
0 |
|a Uncounted :
|b The Crisis of Voter Suppression in America /
|c Gilda R. Daniels.
|
| 264 |
|
1 |
|a New York :
|b New York University Press,
|c [2020]
|
| 264 |
|
3 |
|a Baltimore, Md. :
|b Project MUSE,
|c 2021
|
| 264 |
|
4 |
|c ©[2020]
|
| 300 |
|
|
|a 1 online resource.
|
| 336 |
|
|
|a text
|b txt
|2 rdacontent
|
| 337 |
|
|
|a computer
|b c
|2 rdamedia
|
| 338 |
|
|
|a online resource
|b cr
|2 rdacarrier
|
| 505 |
0 |
|
|a History repeats itelf -- The Voting Rights Act -- Voter identification -- Voter purges -- Felon disenfranchisement -- Changing demographics -- The way forward -- Conclusion.
|
| 588 |
|
|
|a Description based on print version record.
|
| 650 |
|
7 |
|a Voter registration
|x Corrupt practices.
|2 fast
|0 (OCoLC)fst01169216
|
| 650 |
|
7 |
|a Suffrage.
|2 fast
|0 (OCoLC)fst01137187
|
| 650 |
|
7 |
|a Elections
|x Corrupt practices.
|2 fast
|0 (OCoLC)fst00904333
|
| 650 |
|
0 |
|a Elections
|x Corrupt practices
|z United States
|x History.
|
| 650 |
|
0 |
|a Elections
|x Corrupt practices
|z United States.
|
| 650 |
|
0 |
|a Voter registration
|x Corrupt practices
|z United States
|x History.
|
| 650 |
|
0 |
|a Voter registration
|x Corrupt practices
|z United States.
|
| 650 |
|
0 |
|a Suffrage
|z United States
|x History.
|
| 650 |
|
0 |
|a Suffrage
|z United States.
|
| 651 |
|
7 |
|a United States.
|2 fast
|0 (OCoLC)fst01204155
|
| 655 |
|
7 |
|a History.
|2 fast
|0 (OCoLC)fst01411628
|
| 655 |
|
7 |
|a Electronic books.
|2 local
|
| 710 |
2 |
|
|a Project Muse.
|e distributor
|
| 830 |
|
0 |
|a Book collections on Project MUSE.
|
| 856 |
4 |
0 |
|z Texto completo
|u https://projectmuse.uam.elogim.com/book/83017/
|
| 945 |
|
|
|a Project MUSE - Custom Collection
|